| 000 | 00000nam 2200000zi 4500 |
| 001 | 9.949783 |
| 003 | CaOODSP |
| 005 | 20250707144625 |
| 006 | m o d f |
| 007 | cr mn||||||||| |
| 008 | 250403t20252025onc ob f000 0 fre d |
| 020 | |a9780660768144 |
| 040 | |aCaOODSP|bfre|erda|cCaOODSP |
| 043 | |an-cn--- |
| 086 | 1 |aBT22-156/2025F-PDF |
| 245 | 00|aPolitique sur les communications et l'image de marque. |
| 264 | 1|aOttawa, Ontario : |bSecrétariat du Conseil du trésor du Canada = Treasury Board of Canada Secretariat, |c2025. |
| 264 | 4|c©2025 |
| 300 | |a1 ressource en ligne (28 pages non numérotées) |
| 336 | |atexte|btxt|2rdacontent/fre |
| 337 | |ainformatique|bc|2rdamedia/fre |
| 338 | |aressource en ligne|bcr|2rdacarrier/fre |
| 500 | |aPublié aussi en anglais sous le titre : Policy on communications and federal identity. |
| 500 | |a« Publié : le 2025-03-24. » |
| 504 | |aComprend des références bibliographiques (pages [18-19]). |
| 650 | 6|aCommunication|xPolitique gouvernementale|zCanada. |
| 710 | 1 |aCanada. |bConseil du trésor, |eorganisme de publication. |
| 775 | 08|tPolicy on communications and federal identity.|w(CaOODSP)9.949782 |
| 795 | |tPolitique sur les communications et l'image de marque.|w(CaOODSP)9.843422 |
| 856 | 40|qPDF|s267 Ko|uhttps://publications.gc.ca/collections/collection_2025/sct-tbs/BT22-156-2025-fra.pdf |
| 856 | 4 |qHTML|sS.O.|uhttps://www.tbs-sct.canada.ca/pol/doc-fra.aspx?id=30683 |